UM Logo

Textbook of gastroenterology / (Record no. 7996)

MARC details
000 -LEADER
fixed length control field 00711nam a2200181 4500
008 - FIXED-LENGTH DATA ELEMENTS--GENERAL INFORMATION
fixed length control field 171208b xxu||||| |||| 00| 0 eng d
020 ## - INTERNATIONAL STANDARD BOOK NUMBER
International Standard Book Number 0397512279
082 ## - DEWEY DECIMAL CLASSIFICATION NUMBER
Edition number 1991
Classification number DC 616.33
Item number Te31
245 ## - TITLE STATEMENT
Title Textbook of gastroenterology /
Statement of responsibility, etc. editor, Tadataka Yamada ; associate editors, David H. Alpers [et al.].
260 ## - PUBLICATION, DISTRIBUTION, ETC. (IMPRINT)
Place of publication, distribution, etc. Philadelphia :
Name of publisher, distributor, etc. Lippincott,
Date of publication, distribution, etc. ©1991.
300 ## - PHYSICAL DESCRIPTION
Extent (multiple pages),1408 pages :
Other physical details colored illustrations ;
Dimensions 29 cm.
500 ## - GENERAL NOTE
General note Includes bibliographical references and index.
650 #0 - SUBJECT ADDED ENTRY--TOPICAL TERM
9 (RLIN) 24624
Topical term or geographic name as entry element Gastroenterology
650 #0 - SUBJECT ADDED ENTRY--TOPICAL TERM
9 (RLIN) 24625
Topical term or geographic name as entry element Gastrointestinal system
General subdivision Diseases
650 #0 - SUBJECT ADDED ENTRY--TOPICAL TERM
9 (RLIN) 24626
Topical term or geographic name as entry element Gastrointestinal Diseases
700 ## - ADDED ENTRY--PERSONAL NAME
9 (RLIN) 24627
Personal name Yamada, Tadataka, editor.
942 ## - ADDED ENTRY ELEMENTS (KOHA)
Source of classification or shelving scheme Dewey Decimal Classification
Koha item type Circulation
Holdings
Withdrawn status Lost status Source of classification or shelving scheme Damaged status Not for loan Collection code Home library Current library Date acquired Source of acquisition Total Checkouts Full call number Barcode Date last seen Price effective from Koha item type
    Dewey Decimal Classification     Circulation UM Digos College - LIC UM Digos College - LIC 04/21/2006 Donated   DC 616.33 Te31 1991 18549 05/15/2025 12/08/2017 Circulation